00554nam a2200133Ia 4500008004100000100002400041245010200065245010300167260005300270260001300323300000800336650001500344856006100359170221s9999 xx 000 0 und d aNina A. Voskolovich 4aThe Development of the Enterprise Client-orientated Management Instruments of the Tourist Branch  cNina A. Voskolovich, Tatiana V. Kovaleva, Maksim I. Markin, Sergey S. Demin, Lyudmila A. Zinchenko bInternational Review of Management and Marketing cMay 2012 a1:1 xMarketing. uhttp://www.econjournals.com/index.php/irmm/issue/view/86